|
|
|
|
| LEADER |
00000nab#a22000007a#4500 |
| 001 |
arbauad046168 |
| 003 |
AR-BaUAD |
| 005 |
20250711113541.0 |
| 008 |
000830|||||||||###||||||b###|0###a|spa|| |
| 040 |
|
|
|a AR-BaUAD
|c AR-BaUAD
|b spa
|
| 245 |
1 |
0 |
|a Technolace Sculpture Lumineuse
|
| 300 |
0 |
|
|b fot., plantas, cortes
|
| 653 |
|
|
|a MONUMENTOS
|
| 653 |
|
|
|a PLAZAS
|
| 653 |
|
|
|a HIETANEN, HELENA
|
| 653 |
|
|
|a SUMMANEN, MIKKO
|
| 653 |
|
|
|a PARIS
|
| 653 |
|
|
|a FRANCIA
|
| 773 |
0 |
|
|t A+U
|g no. 352 [ene. 2000], p. 100-109
|
| 942 |
|
|
|c ARTI
|
| 952 |
|
|
|0 0
|1 0
|4 0
|7 0
|9 91087
|a AR-BAuAD
|b AR-BAuAD
|d 2025-07-11
|l 0
|p AAQA046168
|r 2025-07-11 11:35:41
|w 2025-07-11
|y ARTI
|
| 990 |
|
|
|a AQ200
|b TD
|
| 998 |
|
|
|a AAQ
|b BIBUN76
|
| 999 |
|
|
|c 70760
|d 70760
|